| 000 | 00472nam a2200121Ia 4500 | ||
|---|---|---|---|
| 008 | 171212s9999 xx 000 0 und d | ||
| 100 | _aHaverkamp, Anselm;Dodge, H. R. | ||
| 245 |
_cHaverkamp, Anselm;Dodge, H. R. _aDeconstruction Is/In America _bA New Sense of the Political |
||
| 260 |
_bNew York University Press _c1995 |
||
| 650 | _aCriticism -- Congresses; Deconstruction -- Congresses | ||
| 650 | _aPolitical Science | ||
| 856 | _uhttp://www.jstor.org/stable/j.ctt9qfqqx | ||
| 999 |
_c351529 _d351529 |
||